[Event "18. Open de Sants Hostafrancs 2016"]
[Site "Barcelona ESP"]
[Date "2016.08.25"]
[Round "7.1"]
[White "Grigoryan, Karen H"]
[Black "Cori, Jorge"]
[Result "0-1"]
[WhiteElo "2533"]
[BlackElo "2601"]
[PlyCount "76"]
[EventDate "2016.08.19"]
[EventType "swiss"]
[EventRounds "10"]
[EventCountry "ESP"]
[SourceTitle "Ajedrez en Madrid"]
[Source "lmi"]
[SourceDate "2016.08.19"]

1. Nf3 d5 2. g3 c6 3. Bg2 Bg4 4. h3 Bxf3 5. Bxf3 Nd7 6. d3 Ngf6 7. Bg2 e5 8.
O-O Bc5 9. Nd2 O-O 10. e4 Re8 11. Kh1 Qe7 12. Qe2 Rad8 13. f4 dxe4 14. dxe4
exf4 15. gxf4 Nf8 16. e5 Ng6 17. Qe1 Kh8 18. a3 Qd7 19. Nb3 Bb6 20. a4 Nh5 21.
a5 Bc7 22. Qf2 Qf5 23. Nc5 f6 24. Nxb7 Rb8 25. Nc5 fxe5 26. Na6 exf4 27. Ra3
Bd6 28. Nxb8 Bxa3 29. bxa3 Rxb8 30. Qxa7 Rf8 31. Bb2 Nh4 32. Rg1 Nf3 33. Bf1
Nxg1 34. Kxg1 Qg6+ 35. Kh1 Ng3+ 36. Kg1 f3 37. Bd3 Ne4+ 38. Kf1 Qg2+ 0-1

[Event "18. Open de Sants Hostafrancs 2016"]
[Site "Barcelona ESP"]
[Date "2016.08.25"]
[Round "7.2"]
[White "Ma, Qun"]
[Black "Bachmann, Axel"]
[Result "1-0"]
[WhiteElo "2621"]
[BlackElo "2656"]
[PlyCount "95"]
[EventDate "2016.08.19"]
[EventType "swiss"]
[EventRounds "10"]
[EventCountry "ESP"]
[SourceTitle "Ajedrez en Madrid"]
[Source "lmi"]
[SourceDate "2016.08.19"]

1. e4 d6 2. d4 Nf6 3. Nc3 g6 4. Be3 c6 5. f3 b5 6. Qd2 Nbd7 7. Nge2 Bg7 8. Bh6
Bxh6 9. Qxh6 Bb7 10. a3 e5 11. O-O-O a5 12. Kb1 b4 13. Na4 Qc7 14. dxe5 dxe5
15. Nc1 c5 16. Qg7 Ke7 17. Bc4 Raf8 18. Qh6 Bc6 19. b3 Bxa4 20. bxa4 Rb8 21.
Qe3 Rhc8 22. Rd2 Nb6 23. Bb5 c4 24. Rhd1 Kf8 25. Rd6 Kg7 26. Rc6 Qb7 27. Rxc8
Qxc8 28. Rd6 Qc7 29. Rc6 Qb7 30. Qc5 Nfd7 31. Qd6 Nxa4 32. Bxa4 bxa3+ 33. Nb3
Qb4 34. Qxb4 Rxb4 35. Ka2 cxb3+ 36. Bxb3 a4 37. Bd5 Nf6 38. Kxa3 Rd4 39. c4 Rd2
40. Rc7 Nxd5 41. exd5 h5 42. Kxa4 h4 43. Kb5 Rxg2 44. h3 g5 45. d6 e4 46. fxe4
g4 47. hxg4 h3 48. Rc5 1-0

[Event "18. Open de Sants Hostafrancs 2016"]
[Site "Barcelona ESP"]
[Date "2016.08.25"]
[Round "7.3"]
[White "Timofeev, Artyom"]
[Black "Vera Siguenas, Deivy"]
[Result "1/2-1/2"]
[WhiteElo "2596"]
[BlackElo "2496"]
[PlyCount "33"]
[EventDate "2016.08.19"]
[EventType "swiss"]
[EventRounds "10"]
[EventCountry "ESP"]
[SourceTitle "Ajedrez en Madrid"]
[Source "lmi"]
[SourceDate "2016.08.19"]

1. d4 Nf6 2. c4 g6 3. g3 Bg7 4. Bg2 O-O 5. Nc3 d6 6. Nf3 Nc6 7. O-O a6 8. Qd3
Bd7 9. d5 Nb4 10. Qd1 a5 11. h3 Qc8 12. Kh2 e5 13. dxe6 Bxe6 14. a3 Na6 15. Nd5
Nxd5 16. cxd5 Bd7 17. Nd4 1/2-1/2

[Event "18. Open de Sants Hostafrancs 2016"]
[Site "Barcelona ESP"]
[Date "2016.08.25"]
[Round "7.4"]
[White "Delorme, Axel"]
[Black "Kunin, Vitaly"]
[Result "1-0"]
[WhiteElo "2500"]
[BlackElo "2592"]
[PlyCount "104"]
[EventDate "2016.08.19"]
[EventType "swiss"]
[EventRounds "10"]
[EventCountry "ESP"]
[SourceTitle "Ajedrez en Madrid"]
[Source "lmi"]
[SourceDate "2016.08.19"]

1. e4 d6 2. d4 Nf6 3. Nc3 Nbd7 4. f4 e5 5. Nf3 exd4 6. Qxd4 c6 7. Be3 d5 8.
exd5 Bc5 9. Qd3 Qe7 10. Nd4 Ng4 11. Nf5 Nde5 12. Nxe7 Nxd3+ 13. Bxd3 Nxe3 14.
Nxc8 Rxc8 15. dxc6 Rxc6 16. g3 O-O 17. Ke2 Bd4 18. Rab1 a6 19. Kf3 Nc4 20. Nd5
Nd2+ 21. Kg2 Nxb1 22. Ne7+ Kh8 23. Nxc6 bxc6 24. Rxb1 a5 25. c3 Bf6 26. Be4 Rb8
27. Kf3 c5 28. Bd3 g6 29. Ke4 Rd8 30. Rd1 Kg7 31. Be2 Rb8 32. Rd2 Kf8 33. a4
Re8+ 34. Kf3 g5 35. h3 gxf4 36. gxf4 Ke7 37. Bb5 Rd8 38. Rxd8 Kxd8 39. Ke4 Bh4
40. Bd3 Bf2 41. Kf3 Be1 42. Bxh7 Bd2 43. h4 Ke7 44. h5 Kf6 45. h6 c4 46. Bf5
Bc1 47. h7 Kg7 48. Ke4 Bxb2 49. Kd4 Bc1 50. Kxc4 Bxf4 51. Kb5 Be5 52. c4 Kf8
1-0

[Event "18. Open de Sants Hostafrancs 2016"]
[Site "Barcelona ESP"]
[Date "2016.08.25"]
[Round "7.5"]
[White "Movsziszian, Karen"]
[Black "Ortiz Suarez, Isan Reynaldo"]
[Result "1-0"]
[WhiteElo "2495"]
[BlackElo "2564"]
[PlyCount "95"]
[EventDate "2016.08.19"]
[EventType "swiss"]
[EventRounds "10"]
[EventCountry "ESP"]
[SourceTitle "Ajedrez en Madrid"]
[Source "lmi"]
[SourceDate "2016.08.19"]

1. g3 c5 2. Bg2 Nc6 3. d3 g6 4. f4 Bg7 5. Nf3 Nf6 6. O-O O-O 7. Nc3 d6 8. Nh4
Rb8 9. f5 Nd4 10. e4 b5 11. Bg5 b4 12. Ne2 Nxe2+ 13. Qxe2 Nd7 14. Rab1 Ne5 15.
Qd2 a5 16. Nf3 Nd7 17. b3 Bb7 18. g4 d5 19. exd5 Bxd5 20. h3 Nf6 21. Rbe1 Re8
22. Bh6 Rb6 23. Rf2 Bxf3 24. Bxf3 Nd5 25. Bxg7 Kxg7 26. d4 Rd6 27. dxc5 Rd7 28.
c6 Rd6 29. Bxd5 Rxd5 30. Qe3 f6 31. Qf3 Rd6 32. g5 Qb6 33. fxg6 Qxc6 34. Qh5
hxg6 35. Qh6+ Kf7 36. Qh7+ Kf8 37. Qxg6 Qc3 38. Ref1 Qg3+ 39. Rg2 Qe3+ 40. Kh2
Rd2 41. gxf6 Rxg2+ 42. Kxg2 Qd2+ 43. Kg3 Qe3+ 44. Kh4 Qd4+ 45. Kh5 Qe5+ 46. Rf5
Qe2+ 47. Kh6 Qe3+ 48. Kh7 1-0

[Event "18. Open de Sants Hostafrancs 2016"]
[Site "Barcelona ESP"]
[Date "2016.08.25"]
[Round "7.6"]
[White "Moussard, Jules"]
[Black "Alvarez Pedraza, Aramis"]
[Result "1-0"]
[WhiteElo "2539"]
[BlackElo "2483"]
[PlyCount "91"]
[EventDate "2016.08.19"]
[EventType "swiss"]
[EventRounds "10"]
[EventCountry "ESP"]
[SourceTitle "Ajedrez en Madrid"]
[Source "lmi"]
[SourceDate "2016.08.19"]

1. d4 Nf6 2. Nf3 e6 3. g3 b5 4. e3 a6 5. Bg2 d5 6. O-O Nbd7 7. b3 a5 8. c4 bxc4
9. bxc4 Ba6 10. Nbd2 Bb4 11. Re1 O-O 12. c5 e5 13. Bb2 e4 14. Nh4 Rb8 15. Qc1
Ng4 16. f3 exf3 17. Bxf3 Ndf6 18. Bc3 Re8 19. Ng2 Qd7 20. a3 Bxc3 21. Qxc3 a4
22. Rab1 Rxb1 23. Rxb1 h5 24. Re1 c6 25. Qc2 Bb5 26. Nb1 h4 27. h3 Nh6 28. g4
g5 29. Nc3 Nhxg4 30. Nxb5 cxb5 31. hxg4 h3 32. Qf5 Qxf5 33. gxf5 hxg2 34. Bxg2
Kf8 35. Bf1 Rb8 36. Rb1 Ng4 37. Rxb5 Rxb5 38. Bxb5 Ke7 39. e4 Ne3 40. f6+ Kd8
41. exd5 Nxd5 42. Bxa4 Nc3 43. Bb3 Ne2+ 44. Kf2 Nxd4 45. Bxf7 Nb5 46. Bc4 1-0

[Event "18. Open de Sants Hostafrancs 2016"]
[Site "Barcelona ESP"]
[Date "2016.08.25"]
[Round "7.7"]
[White "Barrientos, Sergio E"]
[Black "Zeng, Chongsheng"]
[Result "0-1"]
[WhiteElo "2466"]
[BlackElo "2538"]
[PlyCount "66"]
[EventDate "2016.08.19"]
[EventType "swiss"]
[EventRounds "10"]
[EventCountry "ESP"]
[SourceTitle "Ajedrez en Madrid"]
[Source "lmi"]
[SourceDate "2016.08.19"]

1. e4 c6 2. d4 d5 3. e5 Bf5 4. h4 h6 5. g4 Bd7 6. h5 c5 7. c3 Nc6 8. Bh3 Qa5 9.
Nd2 cxd4 10. Nb3 Qa4 11. cxd4 Nxe5 12. dxe5 Qe4+ 13. Be3 Qxh1 14. f3 e6 15. Qd2
Rc8 16. Rc1 Rxc1+ 17. Nxc1 Ne7 18. Qf2 d4 19. Bxd4 Nc6 20. Bc3 b6 21. Nce2 Bc5
22. Qg3 Bxg1 23. Nxg1 g5 24. Kf2 Ne7 25. Bd2 Bb5 26. b3 O-O 27. a4 Rd8 28. Bb4
Nd5 29. Bd2 Ba6 30. b4 Nf4 31. Bxf4 gxf4 32. Qxf4 Rd1 33. Qg3 Rxg1 0-1

[Event "18. Open de Sants Hostafrancs 2016"]
[Site "Barcelona ESP"]
[Date "2016.08.25"]
[Round "7.8"]
[White "Cruz, Cristhian"]
[Black "Gonzalez Acosta, Bernal"]
[Result "1-0"]
[WhiteElo "2533"]
[BlackElo "2478"]
[PlyCount "81"]
[EventDate "2016.08.19"]
[EventType "swiss"]
[EventRounds "10"]
[EventCountry "ESP"]
[SourceTitle "Ajedrez en Madrid"]
[Source "lmi"]
[SourceDate "2016.08.19"]

1. d4 d5 2. c4 c6 3. Nf3 Nf6 4. e3 g6 5. Nc3 Bg7 6. Be2 O-O 7. O-O a6 8. a4 a5
9. Qb3 e6 10. Rd1 Nbd7 11. Qc2 b6 12. e4 Nxe4 13. Nxe4 dxe4 14. Qxe4 Bb7 15.
Bg5 Qc8 16. Qh4 Re8 17. Bh6 Bh8 18. Be3 Bg7 19. Bh6 Bh8 20. Bf4 Bg7 21. Ne5 f6
22. Nxd7 Qxd7 23. Qg3 Re7 24. Qb3 Qd8 25. c5 bxc5 26. dxc5 Qc8 27. Rd6 Kh8 28.
Rad1 e5 29. Be3 h6 30. Bc4 Kh7 31. Be6 Qb8 32. Rd7 Rxd7 33. Rxd7 Bc8 34. Bg8+
Kh8 35. Qxb8 Rxb8 36. Rd8 Rxb2 37. Bc4+ Kh7 38. Rxc8 Rb1+ 39. Bf1 f5 40. g3 g5
41. Kg2 1-0

[Event "18. Open de Sants Hostafrancs 2016"]
[Site "Barcelona ESP"]
[Date "2016.08.25"]
[Round "7.9"]
[White "Alonso Rosell, Alvar"]
[Black "Reshef, Omer"]
[Result "0-1"]
[WhiteElo "2524"]
[BlackElo "2420"]
[PlyCount "146"]
[EventDate "2016.08.19"]
[EventType "swiss"]
[EventRounds "10"]
[EventCountry "ESP"]
[SourceTitle "Ajedrez en Madrid"]
[Source "lmi"]
[SourceDate "2016.08.19"]

1. d4 d5 2. c4 c6 3. Nf3 Nf6 4. Nc3 dxc4 5. a4 Bf5 6. e3 e6 7. Bxc4 Bb4 8. O-O
Nbd7 9. Nh4 O-O 10. h3 a5 11. Nxf5 exf5 12. Qf3 Nb6 13. Bb3 g6 14. g4 fxg4 15.
hxg4 h5 16. gxh5 Nxh5 17. Qg2 Kg7 18. e4 Qxd4 19. Be3 Qe5 20. f4 Qc7 21. f5 Nd7
22. Bd4+ Ne5 23. Qg5 Rae8 24. fxg6 fxg6 25. Rxf8 Bxf8 26. Rf1 Bd6 27. Rf7+ Qxf7
28. Bxf7 Kxf7 29. Qe3 Nf6 30. Ne2 Kg7 31. Nf4 Neg4 32. Qf3 Be5 33. Bxe5 Rxe5
34. Qb3 Rxe4 35. Qxb7+ Kh6 36. Qc7 Kg5 37. Nd3 Rxa4 38. Qxc6 Rd4 39. Qc5+ Rd5
40. Qc1+ Kf5 41. Qc2 Ne3 42. Qb1 Kg5 43. Kf2 Nfg4+ 44. Ke2 Rf5 45. Qc1 Kh4 46.
Qc7 g5 47. b3 Kh3 48. Nc5 Re5 49. Kd3 Rd5+ 50. Kc3 Nf2 51. Qh7+ Kg2 52. b4
axb4+ 53. Kxb4 g4 54. Ne6 Re5 55. Nf4+ Kf3 56. Nh5 Nd3+ 57. Kc3 Nf4 58. Nxf4
Kxf4 59. Kd3 Nf5 60. Qg8 g3 61. Qa8 Re3+ 62. Kd2 Kg4 63. Qb7 Rf3 64. Qe4+ Rf4
65. Qa8 Rf2+ 66. Ke1 Nh4 67. Qc8+ Rf5 68. Qd7 g2 69. Qd4+ Kh3 70. Ke2 Rf1 71.
Qe3+ Rf3 72. Qe6+ Kh2 73. Qd6+ Rg3 0-1

[Event "18. Open de Sants Hostafrancs 2016"]
[Site "Barcelona ESP"]
[Date "2016.08.25"]
[Round "7.10"]
[White "Wan, Yunguo"]
[Black "Jakubowski, Krzysztof"]
[Result "1-0"]
[WhiteElo "2458"]
[BlackElo "2548"]
[PlyCount "71"]
[EventDate "2016.08.19"]
[EventType "swiss"]
[EventRounds "10"]
[EventCountry "ESP"]
[SourceTitle "Ajedrez en Madrid"]
[Source "lmi"]
[SourceDate "2016.08.19"]

1. e4 e5 2. Nf3 Nc6 3. Bb5 a6 4. Ba4 d6 5. Bxc6+ bxc6 6. O-O Bg4 7. d3 Qf6 8.
Nbd2 Ne7 9. c3 Ng6 10. Qa4 Bd7 11. Nc4 a5 12. d4 Be7 13. dxe5 dxe5 14. Rd1 Qe6
15. Ne3 O-O 16. Nf5 Rfd8 17. Nxe7+ Qxe7 18. Bg5 f6 19. Be3 h6 20. h3 Kh7 21.
Rd2 f5 22. exf5 Bxf5 23. Qxc6 Rxd2 24. Nxd2 Rd8 25. Nc4 Qf7 26. b3 Be6 27. Qe4
Bd5 28. Qg4 a4 29. Nd2 Nf4 30. Bxf4 Qxf4 31. Qxf4 exf4 32. f3 Bf7 33. Ne4 Bg6
34. Nc5 a3 35. Ne6 Rd2 36. Nf8+ 1-0

[Event "18. Open de Sants Hostafrancs 2016"]
[Site "Barcelona ESP"]
[Date "2016.08.25"]
[Round "7.11"]
[White "Sundararajan, Kidambi"]
[Black "Sasikiran, Krishnan"]
[Result "1/2-1/2"]
[WhiteElo "2442"]
[BlackElo "2658"]
[PlyCount "105"]
[EventDate "2016.08.19"]
[EventType "swiss"]
[EventRounds "10"]
[EventCountry "ESP"]
[SourceTitle "Ajedrez en Madrid"]
[Source "lmi"]
[SourceDate "2016.08.19"]

1. d4 d5 2. c4 dxc4 3. Nf3 a6 4. e3 Bg4 5. Bxc4 e6 6. h3 Bh5 7. O-O Nf6 8. Nc3
Nc6 9. Be2 Bd6 10. b3 O-O 11. Bb2 Qe7 12. Ne5 Bxe2 13. Nxc6 Qe8 14. Qxe2 Qxc6
15. Rac1 Ne4 16. Rfd1 Nxc3 17. Rxc3 Qb5 18. Rc2 f5 19. e4 fxe4 20. Qxe4 Qd5 21.
Re2 Rf6 22. Rd3 Raf8 23. Qxd5 exd5 24. Rde3 h5 25. Re6 Rxe6 26. Rxe6 Kf7 27.
Re3 Ra8 28. Kf1 b5 29. Ke2 b4 30. Kd3 a5 31. Re2 g5 32. Bc1 g4 33. hxg4 hxg4
34. f3 gxf3 35. Rf2 Rg8 36. gxf3 Rg1 37. Be3 Rg3 38. Ke2 Ke6 39. Rf1 Rh3 40.
Rf2 Kf5 41. Rg2 Be7 42. Bg1 Rh8 43. Rh2 Re8 44. Kd3 Bd6 45. Rh5+ Ke6 46. Bh2
Rg8 47. Rh6+ Kd7 48. Bxd6 cxd6 49. Rh2 Rg1 50. Rh7+ Kc6 51. Ra7 Kb6 52. Rd7 Kc6
53. Ra7 1/2-1/2

[Event "18. Open de Sants Hostafrancs 2016"]
[Site "Barcelona ESP"]
[Date "2016.08.25"]
[Round "7.12"]
[White "Webersberger, Johann"]
[Black "Sandipan, Chanda"]
[Result "0-1"]
[WhiteElo "2356"]
[BlackElo "2572"]
[PlyCount "106"]
[EventDate "2016.08.19"]
[EventType "swiss"]
[EventRounds "10"]
[EventCountry "ESP"]
[SourceTitle "Ajedrez en Madrid"]
[Source "lmi"]
[SourceDate "2016.08.19"]

1. d4 d5 2. c4 c6 3. Nf3 Nf6 4. e3 Bg4 5. h3 Bh5 6. g4 Bg6 7. Ne5 Be4 8. f3
Bxb1 9. Rxb1 e6 10. Bd3 Nfd7 11. Nxd7 Nxd7 12. Kf1 dxc4 13. Bxc4 Ne5 14. Be2
Ng6 15. Bd2 Bd6 16. Qb3 Rb8 17. Be1 h5 18. gxh5 Rxh5 19. f4 Rf5 20. Bd3 Rf6 21.
Rg1 Bxf4 22. Rxg6 fxg6 23. exf4 Qxd4 24. Bg3 Kf8 25. Bc2 Kg8 26. Rd1 Qc5 27.
Kg2 Rbf8 28. Be4 Kh8 29. Qc2 Qh5 30. Bf3 Qa5 31. Be4 Qh5 32. Bf3 Qh6 33. Bg4 g5
34. fxg5 Qxg5 35. Qc3 Qb5 36. Be5 Rg6 37. Kg3 Rg5 38. Re1 Rd8 39. Re3 Rd5 40.
Bf4 Rg6 41. Be5 Rd1 42. Kh4 Qd5 43. Qc2 Rh6+ 44. Kg3 Rg1+ 45. Kf4 Qd8 46. Qc3
Kg8 47. Qc4 Qe8 48. Rf3 Qd8 49. Qd3 Qf8+ 50. Ke3 Qc5+ 51. Kf4 Qe7 52. Ke3 Re1+
53. Kf4 g5+ 0-1

[Event "18. Open de Sants Hostafrancs 2016"]
[Site "Barcelona ESP"]
[Date "2016.08.25"]
[Round "7.14"]
[White "Mu, Ke"]
[Black "Schroeder, Jan-christian"]
[Result "1/2-1/2"]
[WhiteElo "2419"]
[BlackElo "2523"]
[PlyCount "44"]
[EventDate "2016.08.19"]
[EventType "swiss"]
[EventRounds "10"]
[EventCountry "ESP"]
[SourceTitle "Ajedrez en Madrid"]
[Source "lmi"]
[SourceDate "2016.08.19"]

1. d4 Nf6 2. c4 e6 3. Nf3 d5 4. Nc3 Be7 5. Bf4 O-O 6. e3 b6 7. Bd3 dxc4 8. Bxc4
Bb7 9. O-O a6 10. Rc1 b5 11. Bd3 Nbd7 12. a4 b4 13. Nb1 c5 14. Nbd2 Rc8 15. Qe2
cxd4 16. exd4 a5 17. Nc4 Nb8 18. Rfd1 Bd5 19. Nfe5 Nc6 20. Qe3 g6 21. Bh6 Re8
22. Qf4 Nxe5 1/2-1/2

[Event "18. Open de Sants Hostafrancs 2016"]
[Site "Barcelona ESP"]
[Date "2016.08.25"]
[Round "7.15"]
[White "Rios, Cristhian Camilo"]
[Black "Lemeaux, David"]
[Result "1/2-1/2"]
[WhiteElo "2490"]
[BlackElo "2315"]
[PlyCount "38"]
[EventDate "2016.08.19"]
[EventType "swiss"]
[EventRounds "10"]
[EventCountry "ESP"]
[SourceTitle "Ajedrez en Madrid"]
[Source "lmi"]
[SourceDate "2016.08.19"]

1. d4 d5 2. c4 e6 3. Nc3 Bb4 4. Nf3 Nf6 5. Bg5 h6 6. Bh4 dxc4 7. e3 b5 8. a4 c6
9. Be2 Bb7 10. O-O a6 11. Qc2 Nbd7 12. e4 Qb6 13. e5 Nd5 14. Ne4 O-O 15. Bg3 c5
16. Rad1 Rfd8 17. Bh4 Rf8 18. Bg3 Rfd8 19. Bh4 Rf8 1/2-1/2

[Event "18. Open de Sants Hostafrancs 2016"]
[Site "Barcelona ESP"]
[Date "2016.08.25"]
[Round "7.16"]
[White "Lapshun, Yury"]
[Black "Baghdasaryan, Vahe"]
[Result "0-1"]
[WhiteElo "2396"]
[BlackElo "2488"]
[PlyCount "108"]
[EventDate "2016.08.19"]
[EventType "swiss"]
[EventRounds "10"]
[EventCountry "ESP"]
[SourceTitle "Ajedrez en Madrid"]
[Source "lmi"]
[SourceDate "2016.08.19"]

1. d4 e6 2. e4 d5 3. exd5 exd5 4. Bd3 Nf6 5. c3 Bd6 6. Nf3 O-O 7. O-O Bg4 8.
Bg5 h6 9. Bh4 g5 10. Bg3 Ne4 11. Qb3 Bxf3 12. Qxb7 Nd7 13. gxf3 Nef6 14. Qc6
Rb8 15. b4 Rb6 16. Qa4 Nh5 17. Bf5 Ndf6 18. Nd2 Bf4 19. Bxf4 Nxf4 20. Rfe1 N6h5
21. Re3 Ng7 22. Qc2 Rf6 23. Bd3 Nh3+ 24. Kg2 Qd7 25. Rf1 Rf4 26. Kh1 Rh4 27. f4
Nxf4 28. Nf3 Rh5 29. Ne5 Qd6 30. Rg3 f6 31. Bh7+ Kh8 32. Ng6+ Nxg6 33. Bxg6 Rh4
34. Bf5 Qf4 35. Bd3 Re8 36. Qc1 Qd6 37. Re1 Rf8 38. Qe3 f5 39. Qe7 Re4 40. Rxe4
fxe4 41. Qxd6 cxd6 42. Ba6 Rxf2 43. Bb7 Nh5 44. Rg2 Rf3 45. Rc2 Nf4 46. Ba6 g4
47. a4 h5 48. Kg1 h4 49. Bf1 e3 50. a5 g3 51. hxg3 hxg3 52. b5 g2 53. Bxg2 e2
54. Rc1 Re3 0-1

[Event "18. Open de Sants Hostafrancs 2016"]
[Site "Barcelona ESP"]
[Date "2016.08.25"]
[Round "7.17"]
[White "Lorenzo De La Riva, Lazaro"]
[Black "Harutyunian, Tigran K"]
[Result "1/2-1/2"]
[WhiteElo "2355"]
[BlackElo "2485"]
[PlyCount "147"]
[EventDate "2016.08.19"]
[EventType "swiss"]
[EventRounds "10"]
[EventCountry "ESP"]
[SourceTitle "Ajedrez en Madrid"]
[Source "lmi"]
[SourceDate "2016.08.19"]

1. e4 e5 2. Nf3 Nc6 3. Bb5 a6 4. Ba4 Nf6 5. O-O Be7 6. Re1 b5 7. Bb3 O-O 8. c3
d5 9. exd5 Nxd5 10. Nxe5 Nxe5 11. Rxe5 c6 12. d3 Bd6 13. Re1 Bf5 14. Qf3 Qf6
15. Be3 Qe5 16. g3 Bxd3 17. Bd2 Qf5 18. Qxf5 Bxf5 19. Bxd5 cxd5 20. Be3 a5 21.
Rd1 Be6 22. a3 Rfc8 23. Nd2 Rab8 24. Nb3 Ra8 25. f3 Kf8 26. Bd4 Bf5 27. Nd2 b4
28. axb4 axb4 29. Rxa8 Rxa8 30. cxb4 Bxb4 31. Nf1 Rb8 32. Ne3 Be6 33. Kf2 f6
34. Ke2 Kf7 35. f4 h5 36. Kf2 Ba5 37. Rd3 Rb5 38. f5 Bc8 39. h3 Ba6 40. Ra3 Bb6
41. Bxb6 Rxb2+ 42. Ke1 Rb1+ 43. Kf2 Rb2+ 44. Ke1 Rxb6 45. Nxd5 Rb1+ 46. Kd2 Bb7
47. Nf4 Rb5 48. Ra7 Kg8 49. Nxh5 Rxf5 50. Nxg7 Kxg7 51. Rxb7+ Kg6 52. Ke3 Ra5
53. Rb4 Ra3+ 54. Kf4 Ra1 55. h4 Ra5 56. g4 Ra7 57. h5+ Kg7 58. Rd4 Rb7 59. Rd5
Ra7 60. Kf5 Kf7 61. h6 Rb7 62. Ra5 Rc7 63. Rd5 Ra7 64. h7 Kg7 65. h8=Q+ Kxh8
66. Kxf6 Ra6+ 67. Kf7 Ra7+ 68. Kg6 Ra6+ 69. Kf5 Kg7 70. Rd7+ Kg8 71. Re7 Ra5+
72. Kf6 Ra6+ 73. Kf5 Ra5+ 74. Re5 1/2-1/2

[Event "18. Open de Sants Hostafrancs 2016"]
[Site "Barcelona ESP"]
[Date "2016.08.25"]
[Round "7.18"]
[White "Diaz Camallonga, Carles"]
[Black "Cubas, Jose Fernando"]
[Result "1/2-1/2"]
[WhiteElo "2336"]
[BlackElo "2470"]
[PlyCount "96"]
[EventDate "2016.08.19"]
[EventType "swiss"]
[EventRounds "10"]
[EventCountry "ESP"]
[SourceTitle "Ajedrez en Madrid"]
[Source "lmi"]
[SourceDate "2016.08.19"]

1. e4 e6 2. d4 d5 3. Nc3 Nf6 4. Bg5 Be7 5. e5 Nfd7 6. Bxe7 Qxe7 7. f4 O-O 8.
Nf3 c5 9. Qd2 Nc6 10. O-O-O a6 11. dxc5 Nxc5 12. Bd3 b5 13. Qf2 Nxd3+ 14. cxd3
f6 15. Qg3 fxe5 16. fxe5 b4 17. Na4 Bd7 18. Kb1 Be8 19. Rc1 Nxe5 20. Qxe5 Bxa4
21. Rc7 Qf6 22. Qxf6 Rxf6 23. Re1 Bb5 24. Kc2 Rf7 25. Rxf7 Kxf7 26. Rf1 Ke7 27.
Ne5 Kd6 28. Nf7+ Ke7 29. Ne5 Rf8 30. Rxf8 Kxf8 31. d4 Ke7 32. Kd2 Bf1 33. g3
Bc4 34. a3 bxa3 35. bxa3 Bb5 36. h4 Kf6 37. Ke3 g5 38. hxg5+ Kxg5 39. Kf3 Ba4
40. Ke3 Kf5 41. Kf3 Bd1+ 42. Ke3 Bh5 43. Kd3 Bd1 44. Ke3 Bc2 45. Kf3 Be4+ 46.
Kf2 Bc2 47. Kf3 h5 48. Ke3 Be4 1/2-1/2

[Event "18. Open de Sants Hostafrancs 2016"]
[Site "Barcelona ESP"]
[Date "2016.08.25"]
[Round "7.19"]
[White "Debashis, Das"]
[Black "Schippers, Maurice"]
[Result "1-0"]
[WhiteElo "2459"]
[BlackElo "2220"]
[PlyCount "127"]
[EventDate "2016.08.19"]
[EventType "swiss"]
[EventRounds "10"]
[EventCountry "ESP"]
[SourceTitle "Ajedrez en Madrid"]
[Source "lmi"]
[SourceDate "2016.08.19"]

1. d4 Nf6 2. c4 g6 3. Nf3 Bg7 4. g3 c5 5. d5 b5 6. cxb5 a6 7. bxa6 d6 8. Nc3
Bxa6 9. e4 Bxf1 10. Kxf1 Nbd7 11. Kg2 O-O 12. a4 Qb6 13. Qe2 Rfb8 14. Ra3 Ne8
15. Nb5 Nc7 16. Nxc7 Qxc7 17. b3 c4 18. Qxc4 Qxc4 19. bxc4 Rb4 20. Bg5 Rxc4 21.
Bxe7 Rxe4 22. Bxd6 Nb6 23. Rb3 Nxd5 24. Rhb1 h6 25. Rb8+ Rxb8 26. Rxb8+ Kh7 27.
a5 Ra4 28. Rb5 Nc3 29. Rb7 Rxa5 30. Rxf7 Nb5 31. Bc5 Kg8 32. Rb7 Na3 33. Bb4
Ra6 34. Bxa3 Rxa3 35. Rb6 g5 36. h4 gxh4 37. Nxh4 Ra5 38. f4 h5 39. Nf3 Rf5 40.
Kh3 Bf6 41. Nh4 Bd8 42. Nxf5 Bxb6 43. Kh4 Kf7 44. Kxh5 Kf6 45. Kg4 Bc5 46. Nh4
Bf2 47. Kf3 Be1 48. Ng2 Bd2 49. g4 Kg6 50. Ke4 Bc1 51. Nh4+ Kh6 52. Kf5 Bb2 53.
Ng6 Kg7 54. Ne5 Bc1 55. g5 Bd2 56. Ng4 Bc1 57. Nf6 Bb2 58. Nh5+ Kh7 59. g6+ Kh6
60. g7 Kh7 61. Ke6 Bxg7 62. Nxg7 Kxg7 63. f5 Kf8 64. Kf6 1-0

[Event "18. Open de Sants Hostafrancs 2016"]
[Site "Barcelona ESP"]
[Date "2016.08.25"]
[Round "7.20"]
[White "Cruz, Filemon"]
[Black "Admiraal, Miguoel"]
[Result "1/2-1/2"]
[WhiteElo "2349"]
[BlackElo "2458"]
[PlyCount "82"]
[EventDate "2016.08.19"]
[EventType "swiss"]
[EventRounds "10"]
[EventCountry "ESP"]
[SourceTitle "Ajedrez en Madrid"]
[Source "lmi"]
[SourceDate "2016.08.19"]

1. c4 e6 2. Nc3 d5 3. d4 c6 4. cxd5 exd5 5. Bf4 Bd6 6. Bxd6 Qxd6 7. e3 Bf5 8.
Nge2 Qb4 9. Qd2 Ne7 10. Nf4 Nd7 11. Be2 h6 12. g4 Bh7 13. Nh5 Rg8 14. Bd3 Bxd3
15. Qxd3 g6 16. Ng3 Nb6 17. O-O-O Nc4 18. Qc2 O-O-O 19. h3 Kb8 20. Nge2 Nc8 21.
Nf4 Qe7 22. Nd3 N4d6 23. b3 Nb6 24. Kb2 Ne4 25. Rc1 Nc8 26. Nxe4 Qxe4 27. Ne5
Qxc2+ 28. Kxc2 Nd6 29. Kd2 f6 30. Nd3 Kc7 31. f3 Kd7 32. h4 Ke7 33. a4 h5 34.
Rcg1 hxg4 35. Rxg4 Nf5 36. Nf4 Kf7 37. Kd3 Rde8 38. Re1 Nh6 39. Rg2 Nf5 40. Rg4
Nh6 41. Rg2 Nf5 1/2-1/2

[Event "18. Open de Sants Hostafrancs 2016"]
[Site "Barcelona ESP"]
[Date "2016.08.25"]
[Round "7.21"]
[White "Gullaksen, Eirik"]
[Black "Fier, Alexandr"]
[Result "1-0"]
[WhiteElo "2361"]
[BlackElo "2627"]
[PlyCount "101"]
[EventDate "2016.08.19"]
[EventType "swiss"]
[EventRounds "10"]
[EventCountry "ESP"]
[SourceTitle "Ajedrez en Madrid"]
[Source "lmi"]
[SourceDate "2016.08.19"]

1. e4 c5 2. b3 Nf6 3. e5 Nd5 4. Bb2 g6 5. Qf3 Nc7 6. Bc4 Ne6 7. h4 Nc6 8. h5
Bg7 9. hxg6 fxg6 10. Bxe6 dxe6 11. Qg3 Qd5 12. f4 Nb4 13. Nc3 Qc6 14. O-O-O O-O
15. Nf3 Nd5 16. Rh4 Nxc3 17. Bxc3 Qe8 18. Rdh1 h5 19. Ng5 Bd7 20. Qd3 Rf5 21.
g4 Rxf4 22. gxh5 Rf5 23. hxg6 Rxg5 24. Rh8+ Bxh8 25. Rxh8+ Kg7 26. Rxe8 Bxe8
27. Qe3 Rxg6 28. Qxc5 Kf8 29. Qf2+ Kg8 30. Bb4 Rg7 31. Qh4 Bg6 32. Bxe7 Rc8 33.
c3 Bf5 34. Bf6 Rh7 35. Qf2 a6 36. Kb2 Kf7 37. Qg2 Ke8 38. d4 b5 39. d5 Kd7 40.
d6 Rb8 41. Qg1 Kc6 42. Be7 Rb7 43. Qg2+ Kb6 44. Bd8+ Ka7 45. Qc6 Rh2+ 46. Kc1
Re2 47. d7 Re1+ 48. Kd2 Rxe5 49. Bc7 Be4 50. Bxe5 Bxc6 51. Bd4+ 1-0

[Event "18. Open de Sants Hostafrancs 2016"]
[Site "Barcelona ESP"]
[Date "2016.08.25"]
[Round "7.22"]
[White "Lin, Chen"]
[Black "Hansen, Mads"]
[Result "1-0"]
[WhiteElo "2516"]
[BlackElo "2344"]
[PlyCount "89"]
[EventDate "2016.08.19"]
[EventType "swiss"]
[EventRounds "10"]
[EventCountry "ESP"]
[SourceTitle "Ajedrez en Madrid"]
[Source "lmi"]
[SourceDate "2016.08.19"]

1. e4 e5 2. Nf3 Nc6 3. Bb5 a6 4. Ba4 Nf6 5. O-O Be7 6. d3 b5 7. Bb3 d6 8. a3
Na5 9. Ba2 c5 10. Bg5 Be6 11. Nc3 O-O 12. h3 Nc6 13. Bxf6 Bxf6 14. Nd5 g6 15.
c3 Bg7 16. a4 Rb8 17. axb5 axb5 18. Ne3 Qd7 19. Bxe6 fxe6 20. Qb3 b4 21. Qc4
Rb6 22. Ng5 Re8 23. Nd5 Rb7 24. Ne3 Bh6 25. Nf3 Bxe3 26. fxe3 Nd8 27. Nh2 Rf8
28. Ng4 Rxf1+ 29. Rxf1 Kg7 30. d4 exd4 31. exd4 Qb5 32. Qa2 b3 33. Qa8 Rb8 34.
Qa1 cxd4 35. Qa7+ Rb7 36. Qxd4+ e5 37. Qxd6 Qb6+ 38. Qxb6 Rxb6 39. Nxe5 Rb5 40.
Rd1 Ne6 41. Rd5 Rb6 42. Rd7+ Kf6 43. Nd3 Ng5 44. Rd4 Ke7 45. Kf2 1-0